000 00974nam a22002297a 4500
005 20240530110335.0
008 140903s1991 ua bj gr 000 0 ara d
040 _aEG-CaGPL
082 0 4 _221
_a915.69
_bم د
110 0 0 _aمعهد البحوث والدراسات العربية
245 1 2 _aالدولة الفلسطينية :
_bحدودها ومعطياتها وسكانها /
_cمعهد البحوث والدراسات العربية
260 _aالقاهرة :
_b معهد البحوث والدراسات العربية ،
_c1991
300 _a659 ص ؛
_c32 سم
650 0 7 _aالمسطوتنات اليهودية
650 0 7 _aالموارد المائية
_zفلسطين
651 0 7 _aفلسطين
_xالحدود السياسية
651 0 7 _aفلسطين
_xالمناخ
651 0 7 _aفلسطين
_xالعلاقات الخارجية
651 0 7 _aفلسطين
_xالتجارة الخارجية
651 0 7 _aفلسطين
_xالسكان
942 _2ddc
_cBK
999 _c59765
_d59765